[Event "DEM U16 2020"]
[Site "Willingen GER"]
[Date "2020.10.22"]
[Round "4"]
[White "Lohr, Maximilian"]
[Black "Hommel, Niclas"]
[Result "0-1"]
[Termination "normal"]
[Board "12"]
[WhiteElo "2108"]
[BlackElo "2047"]
[WhiteClock "00:35:47"]
[BlackClock "00:13:34"]
[PlyCount "64"]
[WhiteFideId "12999717"]
[BlackFideId "12974927"]
[EventCountry "GER"]
[EventRounds "7"]
[EventType "swiss"]
[EventDate "2020.10.19"]

1. e4 {[%clk 1:30:57]} c5 {[%clk 1:30:57]} 2. Nf3 {[%clk 1:31:17]} d6 {[%clk
1:31:21]} 3. d4 {[%clk 1:31:39]} cxd4 {[%clk 1:31:47]} 4. Nxd4 {[%clk 1:32:05]}
Nf6 {[%clk 1:32:11]} 5. Nc3 {[%clk 1:32:30]} Nc6 {[%clk 1:32:37]} 6. Bg5 {[%clk
1:32:38]} e6 {[%clk 1:33:01]} 7. Qd2 {[%clk 1:32:49]} Be7 {[%clk 1:33:25]} 8.
O-O-O {[%clk 1:33:00]} Nxd4 {[%clk 1:33:51]} 9. Qxd4 {[%clk 1:33:24]} O-O
{[%clk 1:34:16]} 10. f4 {[%clk 1:33:28]} Qa5 {[%clk 1:34:42]} 11. Bc4 {[%clk
1:33:30]} Bd7 {[%clk 1:35:07]} 12. e5 {[%clk 1:33:19]} dxe5 {[%clk 1:35:31]}
13. fxe5 {[%clk 1:33:45]} Bc6 {[%clk 1:35:55]} 14. Bd2 {[%clk 1:33:59]} Nd7
{[%clk 1:36:20]} 15. Nd5 {[%clk 1:34:18]} Qd8 {[%clk 1:36:47]} 16. Nxe7+ {[%clk
1:34:39]} Qxe7 {[%clk 1:37:12]} 17. Rhe1 {[%clk 1:34:39]} b5 {[%clk 1:37:37]}
18. Bb3 {[%clk 1:34:36]} Nc5 {[%clk 1:25:10]} 19. Qg4 {[%clk 1:31:03]} Rfc8
{[%clk 1:05:08]} 20. Re3 {[%clk 1:23:16]} a5 {[%clk 0:57:17]} 21. Rg3 {[%clk
0:50:08]} g6 {[%clk 0:54:41]} 22. Bg5 {[%clk 0:50:09]} Qf8 {[%clk 0:40:08]} 23.
Qh4 {[%clk 0:50:15]} a4 {[%clk 0:28:02]} 24. Be7 {[%clk 0:50:23]} axb3 {[%clk
0:28:28]} 25. cxb3 {[%clk 0:37:04]} Be4 {[%clk 0:15:03]} 26. Rd4 {[%clk
0:37:16]} Nxb3+ {[%clk 0:14:56]} 27. Kd1 {[%clk 0:37:35]} Rc1+ {[%clk 0:15:12]}
28. Ke2 {[%clk 0:37:52]} Nxd4+ {[%clk 0:15:39]} 29. Kd2 {[%clk 0:37:17]} Rc2+
{[%clk 0:14:46]} 30. Kd1 {[%clk 0:36:23]} Rxa2 {[%clk 0:13:25]} 31. Ra3 {[%clk
0:35:35]} Rxa3 {[%clk 0:13:33]} 32. Bxa3 {[%clk 0:35:47]} Qa8 {[%clk 0:13:34]}
0-1

[Event "DEM U16 2020"]
[Site "Willingen GER"]
[Date "2020.10.23"]
[Round "6"]
[White "Kolb, Tobias"]
[Black "Deuer, Marius"]
[Result "1-0"]
[Termination "normal"]
[Board "1"]
[WhiteElo "2268"]
[BlackElo "2209"]
[WhiteClock "00:27:24"]
[BlackClock "00:22:31"]
[PlyCount "61"]
[WhiteFideId "12992321"]
[BlackFideId "16236432"]
[EventCountry "GER"]
[EventRounds "7"]
[EventType "swiss"]
[EventDate "2020.10.19"]

1. d4 {[%clk 1:30:58]} Nf6 {[%clk 1:30:55]} 2. c4 {[%clk 1:31:25]} e6 {[%clk
1:31:20]} 3. Nc3 {[%clk 1:31:52]} Bb4 {[%clk 1:31:44]} 4. Qc2 {[%clk 1:32:18]}
O-O {[%clk 1:32:08]} 5. Nf3 {[%clk 1:32:46]} c5 {[%clk 1:32:28]} 6. dxc5 {[%clk
1:33:10]} Na6 {[%clk 1:32:54]} 7. g3 {[%clk 1:33:36]} Nxc5 {[%clk 1:33:18]} 8.
Bg2 {[%clk 1:34:03]} Nce4 {[%clk 1:33:41]} 9. O-O {[%clk 1:34:25]} Nxc3 {[%clk
1:34:08]} 10. bxc3 {[%clk 1:34:52]} Be7 {[%clk 1:34:31]} 11. e4 {[%clk
1:35:17]} d6 {[%clk 1:34:57]} 12. e5 {[%clk 1:35:44]} dxe5 {[%clk 1:35:22]} 13.
Nxe5 {[%clk 1:36:11]} Qc7 {[%clk 1:35:23]} 14. Qe2 {[%clk 1:36:36]} Bd6 {[%clk
1:35:35]} 15. Bf4 {[%clk 1:36:43]} Ne8 {[%clk 1:35:21]} 16. a4 {[%clk 1:10:30]}
f6 {[%clk 1:25:37]} 17. Nd3 {[%clk 1:09:41]} Qxc4 {[%clk 1:16:15]} 18. a5
{[%clk 1:06:19]} Rb8 {[%clk 1:09:55]} 19. Rfd1 {[%clk 0:59:55]} e5 {[%clk
1:00:59]} 20. Be3 {[%clk 0:56:01]} b6 {[%clk 1:00:51]} 21. axb6 {[%clk
0:42:04]} axb6 {[%clk 1:00:18]} 22. Qc2 {[%clk 0:37:19]} Bb7 {[%clk 0:52:08]}
23. Ra4 {[%clk 0:34:58]} Qf7 {[%clk 0:34:47]} 24. Ra7 {[%clk 0:33:46]} f5
{[%clk 0:31:56]} 25. Nxe5 {[%clk 0:31:53]} Bxe5 {[%clk 0:25:15]} 26. Rxb7
{[%clk 0:32:13]} Nc7 {[%clk 0:25:41]} 27. Bd5 {[%clk 0:29:21]} Rxb7 {[%clk
0:21:28]} 28. Bxf7+ {[%clk 0:29:46]} Kxf7 {[%clk 0:21:37]} 29. Qxf5+ {[%clk
0:29:25]} Bf6 {[%clk 0:22:06]} 30. Rd7+ {[%clk 0:27:46]} Kg8 {[%clk 0:22:31]}
31. Bf4 {[%clk 0:27:24]} 1-0

[Event "DEM U16 2020"]
[Site "Willingen GER"]
[Date "2020.10.23"]
[Round "6"]
[White "Kölle, Tobias"]
[Black "Boder, Jan"]
[Result "1/2-1/2"]
[Termination "normal"]
[Board "3"]
[WhiteElo "2323"]
[BlackElo "2155"]
[WhiteClock "00:40:46"]
[BlackClock "01:10:48"]
[PlyCount "42"]
[WhiteFideId "16207378"]
[BlackFideId "16243226"]
[EventCountry "GER"]
[EventRounds "7"]
[EventType "swiss"]
[EventDate "2020.10.19"]

1. d4 {[%clk 1:30:55]} Nf6 {[%clk 1:30:56]} 2. c4 {[%clk 1:31:20]} c5 {[%clk
1:31:23]} 3. d5 {[%clk 1:31:44]} b5 {[%clk 1:31:49]} 4. cxb5 {[%clk 1:32:10]}
a6 {[%clk 1:32:16]} 5. bxa6 {[%clk 1:32:35]} g6 {[%clk 1:32:41]} 6. Nc3 {[%clk
1:33:01]} Bg7 {[%clk 1:33:01]} 7. e4 {[%clk 1:33:27]} O-O {[%clk 1:33:23]} 8.
e5 {[%clk 1:33:55]} Ne8 {[%clk 1:33:47]} 9. h4 {[%clk 1:34:22]} Bxe5 {[%clk
1:34:00]} 10. Bh6 {[%clk 1:34:12]} Ng7 {[%clk 1:34:23]} 11. Nf3 {[%clk
1:34:07]} Bf6 {[%clk 1:34:48]} 12. h5 {[%clk 1:33:11]} Bxa6 {[%clk 1:32:05]}
13. Qd2 {[%clk 1:32:34]} Bxf1 {[%clk 1:28:49]} 14. Kxf1 {[%clk 1:32:26]} Qb6
{[%clk 1:28:12]} 15. Ng5 {[%clk 1:19:17]} Na6 {[%clk 1:24:15]} 16. hxg6 {[%clk
1:18:24]} fxg6 {[%clk 1:24:19]} 17. Bxg7 {[%clk 1:06:21]} Bxg7 {[%clk 1:24:41]}
18. Nxh7 {[%clk 1:05:55]} Rfb8 {[%clk 1:18:35]} 19. Rb1 {[%clk 1:01:58]} Nb4
{[%clk 1:18:42]} 20. Re1 {[%clk 0:50:36]} Re8 {[%clk 1:11:44]} 21. a3 {[%clk
0:40:46]} Qa6+ {[%clk 1:10:48]} 1/2-1/2

[Event "DEM U16 2020"]
[Site "Willingen GER"]
[Date "2020.10.23"]
[Round "6"]
[White "Dahl, Christoph"]
[Black "Lohvinov, Petro"]
[Result "1-0"]
[Termination "normal"]
[Board "4"]
[WhiteElo "2262"]
[BlackElo "2152"]
[WhiteClock "00:49:08"]
[BlackClock "00:40:21"]
[PlyCount "87"]
[WhiteFideId "16240235"]
[BlackFideId "14176661"]
[EventCountry "GER"]
[EventRounds "7"]
[EventType "swiss"]
[EventDate "2020.10.19"]

1. e4 {[%clk 1:30:58]} e5 {[%clk 1:30:51]} 2. Nf3 {[%clk 1:30:56]} Nc6 {[%clk
1:31:18]} 3. d4 {[%clk 1:31:02]} exd4 {[%clk 1:31:45]} 4. Nxd4 {[%clk 1:31:09]}
Nf6 {[%clk 1:32:07]} 5. Nxc6 {[%clk 1:30:41]} bxc6 {[%clk 1:32:35]} 6. e5
{[%clk 1:30:04]} Qe7 {[%clk 1:33:02]} 7. Qe2 {[%clk 1:29:36]} Nd5 {[%clk
1:33:19]} 8. c4 {[%clk 1:29:01]} Ba6 {[%clk 1:33:41]} 9. b3 {[%clk 1:28:16]} g6
{[%clk 1:33:41]} 10. g3 {[%clk 1:27:39]} Bg7 {[%clk 1:33:59]} 11. Bb2 {[%clk
1:27:09]} O-O {[%clk 1:34:18]} 12. Bg2 {[%clk 1:26:37]} Rae8 {[%clk 1:34:26]}
13. O-O {[%clk 1:25:39]} Bxe5 {[%clk 1:34:48]} 14. Qxe5 {[%clk 1:25:22]} Qxe5
{[%clk 1:35:11]} 15. Bxe5 {[%clk 1:25:31]} Rxe5 {[%clk 1:35:39]} 16. cxd5
{[%clk 1:25:00]} Bxf1 {[%clk 1:36:05]} 17. Kxf1 {[%clk 1:25:18]} cxd5 {[%clk
1:36:34]} 18. f4 {[%clk 1:24:26]} Re3 {[%clk 1:36:59]} 19. Bxd5 {[%clk
1:24:46]} g5 {[%clk 1:37:28]} 20. fxg5 {[%clk 1:14:28]} Rd3 {[%clk 1:37:53]}
21. Be4 {[%clk 1:13:56]} Rd1+ {[%clk 1:38:15]} 22. Ke2 {[%clk 1:14:00]} Rc1
{[%clk 1:38:29]} 23. Kd2 {[%clk 1:11:07]} Rg1 {[%clk 1:30:40]} 24. a4 {[%clk
1:10:02]} Re8 {[%clk 1:30:19]} 25. Bf5 {[%clk 1:09:48]} Re5 {[%clk 1:23:09]}
26. g4 {[%clk 1:07:51]} Rg2+ {[%clk 1:19:52]} 27. Kc3 {[%clk 1:07:13]} Re3+
{[%clk 1:07:50]} 28. Kb4 {[%clk 1:00:21]} Rb2 {[%clk 1:02:20]} 29. Nc3 {[%clk
1:00:26]} a5+ {[%clk 0:52:29]} 30. Kc4 {[%clk 0:51:00]} d5+ {[%clk 0:44:44]}
31. Nxd5 {[%clk 0:50:57]} Rexb3 {[%clk 0:45:10]} 32. Re1 {[%clk 0:50:33]} Rb8
{[%clk 0:43:46]} 33. h4 {[%clk 0:49:45]} Ra2 {[%clk 0:43:16]} 34. h5 {[%clk
0:49:10]} Rxa4+ {[%clk 0:43:38]} 35. Kc5 {[%clk 0:49:34]} Ra3 {[%clk 0:40:11]}
36. Nf6+ {[%clk 0:48:32]} Kh8 {[%clk 0:40:32]} 37. Re7 {[%clk 0:48:46]} Kg7
{[%clk 0:39:27]} 38. h6+ {[%clk 0:48:24]} Kf8 {[%clk 0:39:52]} 39. Rd7 {[%clk
0:48:11]} Ra1 {[%clk 0:38:52]} 40. Nxh7+ {[%clk 0:48:16]} Kg8 {[%clk 0:39:18]}
41. Nf6+ {[%clk 0:48:36]} Kf8 {[%clk 0:39:34]} 42. g6 {[%clk 0:48:32]} Rc1+
{[%clk 0:40:00]} 43. Kd4 {[%clk 0:48:51]} Rd1+ {[%clk 0:40:21]} 44. Bd3 {[%clk
0:49:08]} 1-0

[Event "DEM U16 2020"]
[Site "Willingen GER"]
[Date "2020.10.23"]
[Round "6"]
[White "Hinrichs, Paul"]
[Black "Dobrikov, Marco"]
[Result "0-1"]
[Termination "normal"]
[Board "5"]
[WhiteElo "2168"]
[BlackElo "2332"]
[WhiteClock "00:06:07"]
[BlackClock "00:21:20"]
[PlyCount "94"]
[WhiteFideId "12942545"]
[BlackFideId "12950378"]
[EventCountry "GER"]
[EventRounds "7"]
[EventType "swiss"]
[EventDate "2020.10.19"]

1. d4 {[%clk 1:30:57]} Nf6 {[%clk 1:30:55]} 2. c4 {[%clk 1:31:23]} g6 {[%clk
1:31:20]} 3. f3 {[%clk 1:31:50]} Bg7 {[%clk 1:29:38]} 4. e4 {[%clk 1:31:45]} d6
{[%clk 1:30:05]} 5. Nc3 {[%clk 1:32:10]} O-O {[%clk 1:30:25]} 6. Be3 {[%clk
1:32:36]} e5 {[%clk 1:29:58]} 7. d5 {[%clk 1:32:28]} c6 {[%clk 1:28:13]} 8. Qd2
{[%clk 1:32:03]} cxd5 {[%clk 1:24:06]} 9. cxd5 {[%clk 1:32:01]} a6 {[%clk
1:24:29]} 10. a4 {[%clk 1:27:24]} Nh5 {[%clk 1:20:40]} 11. Bd3 {[%clk 1:23:11]}
f5 {[%clk 1:08:29]} 12. exf5 {[%clk 1:17:20]} Bxf5 {[%clk 1:06:28]} 13. Bxf5
{[%clk 1:09:50]} gxf5 {[%clk 1:06:53]} 14. Nge2 {[%clk 1:09:14]} Nd7 {[%clk
1:05:55]} 15. f4 {[%clk 1:06:19]} Nxf4 {[%clk 1:00:36]} 16. Bxf4 {[%clk
1:04:53]} exf4 {[%clk 1:01:01]} 17. O-O {[%clk 1:00:45]} Qb6+ {[%clk 0:58:46]}
18. Kh1 {[%clk 0:59:15]} Nc5 {[%clk 0:45:21]} 19. Qxf4 {[%clk 0:38:33]} Rae8
{[%clk 0:43:03]} 20. Ng3 {[%clk 0:21:18]} Qxb2 {[%clk 0:35:20]} 21. Qxd6 {[%clk
0:21:39]} Nb3 {[%clk 0:35:20]} 22. Rae1 {[%clk 0:17:08]} Rxe1 {[%clk 0:34:05]}
23. Rxe1 {[%clk 0:17:29]} Qxc3 {[%clk 0:34:30]} 24. Qe6+ {[%clk 0:17:43]} Kh8
{[%clk 0:34:54]} 25. d6 {[%clk 0:17:59]} Nc5 {[%clk 0:34:31]} 26. Qe7 {[%clk
0:16:02]} Ne4 {[%clk 0:33:48]} 27. Rf1 {[%clk 0:15:37]} Nxg3+ {[%clk 0:33:04]}
28. hxg3 {[%clk 0:16:00]} Qf6 {[%clk 0:28:52]} 29. Rd1 {[%clk 0:14:21]} b5
{[%clk 0:26:31]} 30. axb5 {[%clk 0:13:44]} axb5 {[%clk 0:26:59]} 31. Qb7 {[%clk
0:12:50]} Qh6+ {[%clk 0:26:56]} 32. Kg1 {[%clk 0:13:11]} Qe3+ {[%clk 0:27:24]}
33. Kh2 {[%clk 0:12:39]} Rf6 {[%clk 0:26:42]} 34. Qa8+ {[%clk 0:13:02]} Rf8
{[%clk 0:25:08]} 35. Qd5 {[%clk 0:10:47]} f4 {[%clk 0:24:18]} 36. d7 {[%clk
0:10:59]} fxg3+ {[%clk 0:24:11]} 37. Kh3 {[%clk 0:11:24]} Bf6 {[%clk 0:22:38]}
38. Qf5 {[%clk 0:06:11]} Qh6+ {[%clk 0:21:48]} 39. Kg4 {[%clk 0:06:36]} b4
{[%clk 0:20:31]} 40. Rd6 {[%clk 0:05:51]} Qg7+ {[%clk 0:20:57]} 41. Kh3 {[%clk
0:05:31]} Be7 {[%clk 0:21:17]} 42. Qa5 {[%clk 0:05:03]} Bxd6 {[%clk 0:21:15]}
43. d8=Q {[%clk 0:05:27]} Rxd8 {[%clk 0:21:39]} 44. Qxd8+ {[%clk 0:05:51]} Qf8
{[%clk 0:21:33]} 45. Qb6 {[%clk 0:05:23]} Qh6+ {[%clk 0:20:30]} 46. Kg4 {[%clk
0:05:47]} Qg6+ {[%clk 0:20:54]} 47. Kf3 {[%clk 0:06:07]} Qf5+ {[%clk 0:21:20]}
0-1

[Event "DEM U16 2020"]
[Site "Willingen GER"]
[Date "2020.10.23"]
[Round "6"]
[White "Pubantz, Jan"]
[Black "Weihrauch, Jakob"]
[Result "1/2-1/2"]
[Termination "normal"]
[Board "6"]
[WhiteElo "2295"]
[BlackElo "2184"]
[WhiteClock "00:01:54"]
[BlackClock "00:03:13"]
[PlyCount "225"]
[WhiteFideId "12996114"]
[BlackFideId "16210115"]
[EventCountry "GER"]
[EventRounds "7"]
[EventType "swiss"]
[EventDate "2020.10.19"]

1. Nf3 {[%clk 1:30:55]} Nf6 {[%clk 1:30:51]} 2. c4 {[%clk 1:31:19]} e6 {[%clk
1:31:16]} 3. Nc3 {[%clk 1:31:17]} b6 {[%clk 1:29:16]} 4. e4 {[%clk 1:31:13]} d5
{[%clk 1:26:30]} 5. cxd5 {[%clk 1:29:27]} exd5 {[%clk 1:26:41]} 6. e5 {[%clk
1:29:25]} Nfd7 {[%clk 1:23:51]} 7. d4 {[%clk 1:23:49]} c6 {[%clk 1:21:35]} 8.
Bd3 {[%clk 1:21:58]} Be7 {[%clk 1:21:58]} 9. O-O {[%clk 1:21:39]} Nf8 {[%clk
1:22:05]} 10. Ne1 {[%clk 1:07:32]} Ne6 {[%clk 1:19:56]} 11. Ne2 {[%clk
1:04:33]} g6 {[%clk 1:09:16]} 12. f4 {[%clk 1:01:06]} Ng7 {[%clk 1:09:24]} 13.
Ng3 {[%clk 0:50:30]} Bh4 {[%clk 1:04:56]} 14. Nf3 {[%clk 0:44:21]} Bxg3 {[%clk
1:02:16]} 15. hxg3 {[%clk 0:44:50]} Nf5 {[%clk 0:52:21]} 16. Kf2 {[%clk
0:43:58]} h5 {[%clk 0:51:47]} 17. Rh1 {[%clk 0:43:24]} Nh6 {[%clk 0:44:15]} 18.
Nh4 {[%clk 0:37:49]} Bg4 {[%clk 0:39:01]} 19. Qc2 {[%clk 0:36:53]} Qd7 {[%clk
0:37:47]} 20. Bd2 {[%clk 0:26:53]} Qe6 {[%clk 0:34:31]} 21. Rac1 {[%clk
0:24:26]} a5 {[%clk 0:33:09]} 22. b4 {[%clk 0:23:40]} axb4 {[%clk 0:33:29]} 23.
Bxb4 {[%clk 0:23:28]} Kd7 {[%clk 0:32:35]} 24. Bd6 {[%clk 0:21:34]} Rc8 {[%clk
0:27:09]} 25. Qb2 {[%clk 0:20:45]} Ke8 {[%clk 0:24:10]} 26. Rc2 {[%clk
0:20:04]} Nd7 {[%clk 0:22:01]} 27. Rhc1 {[%clk 0:19:39]} c5 {[%clk 0:22:11]}
28. dxc5 {[%clk 0:18:30]} bxc5 {[%clk 0:22:37]} 29. Bxc5 {[%clk 0:14:21]} Nxc5
{[%clk 0:18:07]} 30. Rxc5 {[%clk 0:14:44]} Rxc5 {[%clk 0:18:27]} 31. Rxc5
{[%clk 0:15:08]} Qe7 {[%clk 0:18:18]} 32. Rb5 {[%clk 0:10:31]} Qa7+ {[%clk
0:17:45]} 33. Kf1 {[%clk 0:10:27]} Rc8 {[%clk 0:13:22]} 34. Rb3 {[%clk
0:08:19]} Be6 {[%clk 0:08:01]} 35. Bb5+ {[%clk 0:05:09]} Kd8 {[%clk 0:07:48]}
36. Qa3 {[%clk 0:04:40]} Qxa3 {[%clk 0:08:03]} 37. Rxa3 {[%clk 0:05:08]} d4
{[%clk 0:04:29]} 38. Ra4 {[%clk 0:02:49]} Rc1+ {[%clk 0:02:44]} 39. Ke2 {[%clk
0:02:53]} Rc2+ {[%clk 0:02:18]} 40. Kd3 {[%clk 0:01:18]} Rxa2 {[%clk 0:00:49]}
41. Rxa2 {[%clk 0:27:51]} Bxa2 {[%clk 0:30:48]} 42. Kxd4 {[%clk 0:25:02]} Be6
{[%clk 0:28:49]} 43. Bc4 {[%clk 0:17:24]} Ke7 {[%clk 0:18:14]} 44. Bxe6 {[%clk
0:15:06]} Kxe6 {[%clk 0:18:37]} 45. Ke4 {[%clk 0:15:06]} Ng4 {[%clk 0:16:47]}
46. Nf3 {[%clk 0:08:16]} Nf2+ {[%clk 0:17:05]} 47. Ke3 {[%clk 0:08:07]} Ng4+
{[%clk 0:17:30]} 48. Ke4 {[%clk 0:07:07]} Nf2+ {[%clk 0:17:55]} 49. Kd4 {[%clk
0:07:14]} Ng4 {[%clk 0:16:58]} 50. Ng5+ {[%clk 0:07:03]} Ke7 {[%clk 0:17:23]}
51. Ne4 {[%clk 0:06:12]} Ke6 {[%clk 0:17:07]} 52. Nc5+ {[%clk 0:06:04]} Ke7
{[%clk 0:17:26]} 53. Ke4 {[%clk 0:05:46]} Nf2+ {[%clk 0:17:41]} 54. Kf3 {[%clk
0:05:00]} Ng4 {[%clk 0:18:06]} 55. Nd3 {[%clk 0:03:14]} Ke6 {[%clk 0:15:58]}
56. Nf2 {[%clk 0:02:42]} Nh2+ {[%clk 0:05:34]} 57. Ke4 {[%clk 0:02:43]} Nf1
{[%clk 0:04:29]} 58. g4 {[%clk 0:02:25]} hxg4 {[%clk 0:04:32]} 59. Nxg4 {[%clk
0:02:34]} Ng3+ {[%clk 0:04:58]} 60. Kf3 {[%clk 0:02:41]} Nf5 {[%clk 0:04:52]}
61. Ne3 {[%clk 0:02:47]} Nd4+ {[%clk 0:04:21]} 62. Ke4 {[%clk 0:03:10]} Nc6
{[%clk 0:04:49]} 63. Nc2 {[%clk 0:02:53]} f5+ {[%clk 0:02:34]} 64. exf6 {[%clk
0:01:38]} Kxf6 {[%clk 0:02:59]} 65. Ne3 {[%clk 0:01:23]} Ke6 {[%clk 0:02:19]}
66. g4 {[%clk 0:01:30]} Ne7 {[%clk 0:02:06]} 67. Nc2 {[%clk 0:01:18]} Kf6
{[%clk 0:02:07]} 68. Nd4 {[%clk 0:01:38]} Nc8 {[%clk 0:01:54]} 69. g5+ {[%clk
0:01:15]} Kf7 {[%clk 0:02:20]} 70. Ke5 {[%clk 0:01:30]} Ne7 {[%clk 0:02:25]}
71. Kd6 {[%clk 0:01:27]} Nc8+ {[%clk 0:02:43]} 72. Kd7 {[%clk 0:01:21]} Ne7
{[%clk 0:03:00]} 73. Ne6 {[%clk 0:01:20]} Nf5 {[%clk 0:02:54]} 74. Nd8+ {[%clk
0:01:25]} Kg7 {[%clk 0:02:51]} 75. Nc6 {[%clk 0:01:13]} Kf7 {[%clk 0:03:09]}
76. Ne5+ {[%clk 0:01:39]} Kg7 {[%clk 0:03:31]} 77. Ng4 {[%clk 0:01:38]} Kf7
{[%clk 0:02:56]} 78. Nf6 {[%clk 0:01:27]} Ng3 {[%clk 0:02:55]} 79. Kd6 {[%clk
0:01:17]} Nf5+ {[%clk 0:03:22]} 80. Ke5 {[%clk 0:01:28]} Ne3 {[%clk 0:03:26]}
81. Ne4 {[%clk 0:00:46]} Ke7 {[%clk 0:03:13]} 82. Nc3 {[%clk 0:00:37]} Kf7
{[%clk 0:03:15]} 83. Nd5 {[%clk 0:00:39]} Nf5 {[%clk 0:03:30]} 84. Nb4 {[%clk
0:00:49]} Ne3 {[%clk 0:03:39]} 85. Nc6 {[%clk 0:00:52]} Nf5 {[%clk 0:03:39]}
86. Ke4 {[%clk 0:00:57]} Ng3+ {[%clk 0:03:17]} 87. Kd5 {[%clk 0:01:23]} Ne2
{[%clk 0:02:54]} 88. Ke5 {[%clk 0:01:22]} Ng3 {[%clk 0:03:18]} 89. Kd6 {[%clk
0:01:08]} Ne2 {[%clk 0:02:40]} 90. Ke5 {[%clk 0:01:35]} Ng3 {[%clk 0:03:03]}
91. Nd8+ {[%clk 0:02:02]} Ke7 {[%clk 0:03:19]} 92. Ne6 {[%clk 0:02:26]} Kf7
{[%clk 0:03:26]} 93. Nd4 {[%clk 0:01:57]} Ke7 {[%clk 0:03:43]} 94. Nf3 {[%clk
0:02:07]} Nf5 {[%clk 0:04:06]} 95. Kd5 {[%clk 0:01:34]} Kf7 {[%clk 0:03:16]}
96. Ne5+ {[%clk 0:02:01]} Kg7 {[%clk 0:03:33]} 97. Ke6 {[%clk 0:01:37]} Nd4+
{[%clk 0:03:54]} 98. Ke7 {[%clk 0:01:36]} Nf5+ {[%clk 0:04:02]} 99. Ke8 {[%clk
0:01:53]} Nd6+ {[%clk 0:04:24]} 100. Kd7 {[%clk 0:01:58]} Nf5 {[%clk 0:04:45]}
101. Ng4 {[%clk 0:01:51]} Kf7 {[%clk 0:04:04]} 102. Nf2 {[%clk 0:01:40]} Ne3
{[%clk 0:04:04]} 103. Kd6 {[%clk 0:01:23]} Nf5+ {[%clk 0:03:32]} 104. Ke5
{[%clk 0:01:46]} Ne3 {[%clk 0:03:25]} 105. Ne4 {[%clk 0:01:56]} Ke7 {[%clk
0:02:54]} 106. Ng3 {[%clk 0:02:05]} Kf7 {[%clk 0:02:43]} 107. Ke4 {[%clk
0:02:25]} Nc4 {[%clk 0:02:55]} 108. Kd4 {[%clk 0:02:39]} Nd6 {[%clk 0:02:47]}
109. Kd5 {[%clk 0:02:48]} Ke7 {[%clk 0:03:04]} 110. Ke5 {[%clk 0:02:28]} Nc4+
{[%clk 0:03:12]} 111. Ke4 {[%clk 0:02:23]} Kf7 {[%clk 0:02:54]} 112. Kd3 {[%clk
0:01:54]} Nd6 {[%clk 0:03:13]} 113. Ke4 1/2-1/2

[Event "DEM U16 2020"]
[Site "Willingen GER"]
[Date "2020.10.23"]
[Round "6"]
[White "Sulayev, Daniel"]
[Black "Pahl, Erik"]
[Result "1-0"]
[Termination "normal"]
[Board "8"]
[WhiteElo "2193"]
[BlackElo "2097"]
[WhiteClock "00:45:05"]
[BlackClock "00:11:47"]
[PlyCount "65"]
[WhiteFideId "12977675"]
[BlackFideId "16201272"]
[EventCountry "GER"]
[EventRounds "7"]
[EventType "swiss"]
[EventDate "2020.10.19"]

1. c4 {[%clk 1:30:57]} e5 {[%clk 1:30:50]} 2. Nc3 {[%clk 1:31:19]} Nc6 {[%clk
1:31:14]} 3. Nf3 {[%clk 1:31:42]} f5 {[%clk 1:30:14]} 4. g3 {[%clk 1:31:44]}
Nf6 {[%clk 1:30:19]} 5. d4 {[%clk 1:32:01]} e4 {[%clk 1:30:19]} 6. Nh4 {[%clk
1:32:26]} d6 {[%clk 1:29:21]} 7. Bg5 {[%clk 1:31:43]} Be7 {[%clk 1:24:04]} 8.
e3 {[%clk 1:30:45]} O-O {[%clk 1:22:19]} 9. Be2 {[%clk 1:31:02]} Ne8 {[%clk
1:21:31]} 10. Bxe7 {[%clk 1:31:08]} Nxe7 {[%clk 1:21:53]} 11. Ng2 {[%clk
1:30:22]} Nf6 {[%clk 1:19:14]} 12. h4 {[%clk 1:27:56]} Bd7 {[%clk 1:14:00]} 13.
Qb3 {[%clk 1:23:19]} Rb8 {[%clk 1:12:39]} 14. Nf4 {[%clk 1:20:14]} Kh8 {[%clk
1:07:32]} 15. h5 {[%clk 1:18:55]} a6 {[%clk 1:06:54]} 16. a4 {[%clk 1:18:06]}
a5 {[%clk 0:59:58]} 17. Kf1 {[%clk 1:13:04]} b6 {[%clk 0:59:15]} 18. Kg2 {[%clk
1:12:55]} Qc8 {[%clk 0:55:27]} 19. Nb5 {[%clk 1:08:38]} Qb7 {[%clk 0:51:13]}
20. Rac1 {[%clk 1:04:40]} Rbc8 {[%clk 0:47:56]} 21. Qc3 {[%clk 1:02:18]} Nc6
{[%clk 0:44:32]} 22. c5 {[%clk 1:01:27]} d5 {[%clk 0:43:39]} 23. cxb6 {[%clk
1:00:53]} Qxb6 {[%clk 0:43:53]} 24. Qc5 {[%clk 0:57:47]} Nb4 {[%clk 0:32:50]}
25. Nxc7 {[%clk 0:51:31]} Qb8 {[%clk 0:23:52]} 26. h6 {[%clk 0:49:07]} Rf7
{[%clk 0:22:00]} 27. hxg7+ {[%clk 0:48:41]} Rxg7 {[%clk 0:20:44]} 28. Qd6
{[%clk 0:47:02]} Rf8 {[%clk 0:19:10]} 29. Rh6 {[%clk 0:45:25]} Qd8 {[%clk
0:13:17]} 30. Nce6 {[%clk 0:44:57]} Bxe6 {[%clk 0:13:30]} 31. Qxd8 {[%clk
0:45:22]} Rxd8 {[%clk 0:13:51]} 32. Nxe6 {[%clk 0:45:47]} Re8 {[%clk 0:11:47]}
33. Rxf6 {[%clk 0:45:05]} 1-0